Total Quality (Record no. 3407)

MARC details
000 -LEADER
fixed length control field 00386nam a22001697a 4500
005 - DATE AND TIME OF LATEST TRANSACTION
control field 20160621150037.0
008 - FIXED-LENGTH DATA ELEMENTS--GENERAL INFORMATION
fixed length control field 160621b xxu||||| |||| 00| 0 eng d
020 ## - INTERNATIONAL STANDARD BOOK NUMBER
ISBN 81-85814-59-7
041 ## - LANGUAGE CODE
Language code of text/sound track or separate title eng
082 ## - DEWEY DECIMAL CLASSIFICATION NUMBER
Item number 8774
100 ## - MAIN ENTRY--AUTHOR NAME
Personal name Wakhliu, Bhart
245 ## - TITLE STATEMENT
Title Total Quality
260 ## - PUBLICATION, DISTRIBUTION, ETC. (IMPRINT)
Name of publisher Weelar Publishing
Year of publication 1995
300 ## - PHYSICAL DESCRIPTION
Number of Pages 269
650 ## - SUBJECT ADDED ENTRY--TOPICAL TERM
Topical Term Management
942 ## - ADDED ENTRY ELEMENTS (KOHA)
Koha item type Books
Holdings
Lost status Damaged status Collection code Home library Current library Shelving location Date acquired Full call number Accession Number Koha item type
    MANAGEMENT JRU Library JRU Library SHELF-63-N 21/06/2016 8774 8774 Books